Houses and people : a review of user studies at the building research station (Record no. 412444)

000 -LEADER
fixed length control field 00475cam a22001457a 4500
008 - FIXED-LENGTH DATA ELEMENTS--GENERAL INFORMATION
fixed length control field 180718b1966 xxu||||| |||| 00| 0 eng d
082 ## - DEWEY DECIMAL CLASSIFICATION NUMBER
Classification number XA23x42 H714
100 ## - MAIN ENTRY--PERSONAL NAME
Personal name Hole, W.V.
245 ## - TITLE STATEMENT
Title Houses and people : a review of user studies at the building research station
Statement of responsibility, etc. by W.V. Hole And J.J. Attenburrow
260 ## - PUBLICATION, DISTRIBUTION, ETC.
Place of publication, distribution, etc. London
Name of publisher, distributor, etc. Her Majesty's
Date of publication, distribution, etc. 1966
300 ## - PHYSICAL DESCRIPTION
Extent 70p
650 ## - SUBJECT ADDED ENTRY--TOPICAL TERM
Topical term or geographic name entry element Working class --Dwellings.
650 ## - SUBJECT ADDED ENTRY--TOPICAL TERM
Topical term or geographic name entry element Housing --Great Britain
700 ## - ADDED ENTRY--PERSONAL NAME
Personal name Attenburrow, J.J.
Holdings
Withdrawn status Lost status Damaged status Not for loan Permanent Location Current Location Date acquired Full call number Barcode Date last seen Price effective from Koha item type
        Indian Institute of Public Administration Indian Institute of Public Administration 2009-02-05 XA23x42 H714 DA324 2018-07-21 2018-07-21 DA

Powered by Koha